000 00522nam a2200181Ia 4500
999 _c35064
_d35064
003 OSt
005 20200201141300.0
008 190216s9999||||xx |||||||||||||| ||und||
020 _a9789385269080
040 _coclc
082 _a320.954
_bVEN/S
100 _aVenu, K
_91774
245 0 _aSamudayika Rashtreeyam Indiayilum Keralathilum /
_cK Venu
260 _bOlive Publications,
_c2015.
_aKozhikode:
300 _a201p
650 _aPolitics
942 _cBK
_2ddc
_h320.954
_iVEN/S
_k320.954
_mVEN/S